| 000 | 00652nam a22002177a 4500 | ||
|---|---|---|---|
| 999 |
_c17222 _d17222 |
||
| 003 | AR-CdUCM | ||
| 008 | 190507b ||||| |||| 00| 0 spa d | ||
| 040 |
_aMUNICIPALIDAD PROVINCIAL DEL CUSCO _cBIBLIOTECA MUNICIPAL DEL CUSCO |
||
| 082 |
_a372.4 / _bL42 |
||
| 100 |
_aLeif, Joseph _937107 |
||
| 245 | _aPsicología y educación del niño / | ||
| 260 |
_aBuenos Aires : _bKapelusz, _c1968. |
||
| 300 |
_a668 paginas ; _c20 cm. |
||
| 500 | _aFormas de como educar al niño | ||
| 650 |
_aEducación _9460 |
||
| 650 |
_aLiteratura _983 |
||
| 650 |
_aHistoria _9136 |
||
| 700 |
_aDelay Jean _937108 |
||
| 942 |
_2ddc _cLIBROS |
||
| 945 |
_apjha _d2019-05-07 |
||